01870cam a22002658a 4500001000800000005001700008008004100025015001500066020001500081020003300096035002300129035001700152040002500169082001500194100002600209245010700235260003400342300002400376505102000400650003401420650004101454650003401495650004101529700003401570484995220220326193313.0030912s2003 enk 100 0 eng  aGBA3-U5181 a1854891529 a1854891537 (pbk.) :c£14.95 a(OCoLC)ocm53068566 a(NNC)4849952 aUKMcUKMdOCLCQdNNC04a707bP213c aPapastergiadis, Nikos00aComplex entanglements :bart, globalisation and cultural difference /cedited by Nikos Papastergiadis. aLondon :bRivers Oram,c2003. ax, 244 p. ;c24 cm. tNotes of the contributorrForeword by Nicholas Tsoutas tSouth-south-south rNikos Papastergiadis tAlien-Own/ Own Alien Notes on Globalisation and cultural differencerGerardo MosqueratCultural Translation in a Globalised World rIen Ang tDreaming Art rMarcia Lantong tParallel Universe, Other Worlds rHetti Perkins tTowards a metaethic of shit rJean Fisher tJet - Lang MamborCarlos Capelan tPerformance Art in digital age rRicardo Dominguez and coco Fusco tNew Media, Culture, Identity rJhon Conomos tCome What May Beyond The Emperor´s New Clothes rRasheed Araeen tCulture identity and boredom transculturalism its Ecstasy rNikos Papastergiadis tMulticultural Sites Practices Un/ HomelinessrSneja Gunew tWhen The people Take to the street Ersatz culture´s contents and discontents rPaul Carter tThe shrinking society ethics and hope in the era of global capitalism rGhassan Hage tLooking back and looking forward policies of multiculturalism and the arts im australia rFazal Rizvi 0aMulticulturalismvCongresses. 0aMulticulturalism in artvCongresses. 0aArts and societyvCongresses. 0aArtsxPolitical aspectsvCongresses.1 aPapastergiadis, Nikos,d1962-